000 01412nam a2200385 c 4500
001 60773
003 CO-BoRNBP
005 20260318130142.0
007 ta
008 210830r20152018cl a jr 000 pdspa d
020 _a9789568209728
040 _aCO-BoRNBP
_bspa
_erda
_cCO-BoRNBP
041 0 _aspa
084 _aP
100 1 4 _aMistral, Gabriela
_d1889-1957
_eaut
245 1 0 _aPoemas ilustrados /
_cGabriela Mistral ; ilustraciones de Bernardita Ojeda ; selección de Cristóbal Joannon.
250 _aQuinta edición
250 _aTercera edición
264 1 _aSantiago de Chile, Chile :
_bEditorial Amanuta,
_c2018
300 _a59 páginas :
_bilustraciones a color
336 _atexto
_btxt
_2rdacontent
337 _asin mediación
_bn
_2rdamedia
338 _avolumen
_bnc
_2rdacarrier
490 0 _aPoesía ilustrada
500 _aEl material correspondiente a la dotación PNLB 2022, la fecha de edición es 2018
521 _aRecomendado para un público mayor de 15 años
545 _aIncluye datos biográficos del autor al final del texto
650 1 7 _aLiteratura infantil chilena
_ySiglo XX
_2rnbp
_9917
650 1 7 _aNaturaleza
_vPoesía
_2lemb
_963794
650 1 7 _aPoesía infantil chilena
_ySiglo XX
_2rnbp
650 1 7 _aAmor
_vPoesía
_2lemb
_91179
700 1 0 _aJoannon, Cristóbal,
_d1974-
_ecomp
_963795
700 1 0 _aOjeda, Bernardita,
_d1977-
_eill
_963796
942 _2loc
_cBKLIT
999 _c60773
_d60773